Neuron

Detalles Bibliográficos
Formato: Electrónico Revista
Lenguaje:inglés
Publicado: Cambridge, MA : Cell Press
Materias:
Acceso en línea:Full text available from Research Library: 01/01/2002 to 2 months ago

MARC

LEADER 00000nas a22000007a 4500
001 ssj0014591
003 WaSeSS
005 20200512172242.0
006 m d
007 cr n
008 971223c19889999maumr pss 0 a0eng c
010 |a sn 97005046  
022 |a 1097-4199  |l 0896-6273  |y 0896-6273 
035 |a (WaSeSS)ssj0014591 
037 |b Cell Press, 600 Technology Square, 5th Floor, Cambridge, MA 02139 
040 |a NSD  |b eng  |c NSD  |d OCL  |d MXC  |d OCLCQ  |d MUQ  |d OCLCQ  |d OCL  |d GUA  |d OCLCQ  |d NSD  |d KSU  |d OCLCQ  |d OCLCO  |d OCLCQ  |d OCLCF  |d OCLCS  |d OCLCQ  |d DEFHM  |d OCLCO  |d OCLCA  |d MOW  |d U3W  |d OCLCO  |d DLC  |d WYU  |d OCLCO  |d OCLCA  |d VT2  |d CGU  |d OCLCO  |d OCLCA  |d WaSeSS 
042 |a pcc 
050 1 4 |a QP356.2  |b .N48 
082 1 0 |a 591  |2 13 
130 0 |a Neuron (Cambridge, Mass.) 
210 0 |a Neuron  |b (Cambridge Mass., Online) 
222 0 |a Neuron  |b (Cambridge, Mass. Online) 
245 1 0 |a Neuron  |h [electronic resource]. 
260 |a Cambridge, MA :  |b Cell Press 
310 |a Monthly 
362 0 |a Vol. 1, issue 1 (Mar. 1988)- 
500 |a Title from title screen. 
506 |a License restrictions may limit access. 
538 |a Mode of access: World Wide Web. 
588 |a Latest issue consulted: Vol. 56, issue 6 (Dec. 2007) (viewed Jan. 3, 2007). 
650 0 |a Neurons  |v Periodicals. 
650 7 |a Neurons.  |2 fast  |0 (OCoLC)fst01036436 
650 7 |a Neurophysiologie  |2 gnd 
650 7 |a Nervenzelle  |2 gnd 
650 7 |a Zeitschrift  |2 gnd 
650 2 |a Neurons. 
655 0 |a Electronic journals. 
776 0 8 |i Print version:  |t Neuron (Cambridge, Mass.)  |x 0896-6273  |w (DLC) 88648622  |w (OCoLC)17223779 
856 4 0 |z Full text available from Research Library: 01/01/2002 to 2 months ago  |u https://search.proquest.com/publication/2031076